Teoría del lenguaje
Zapisane w:
| 1. autor: | |
|---|---|
| Format: | Książka |
| Język: | hiszpański |
| Wydane: |
Madrid
Revista de Occidente
1961
|
| Wydanie: | 2a. ed |
| Seria: | Biblioteca Conocimiento del Hombre
|
| Hasła przedmiotowe: | |
| Etykiety: |
Dodaj etykietę
Nie ma etykietki, Dołącz pierwszą etykiete!
|
MARC
| LEADER | 00000nam a2200000 a 4500 | ||
|---|---|---|---|
| 001 | UCR9516 | ||
| 003 | CL-VaPUC | ||
| 008 | 980613e19610000SP |||||||||||||||||spa|d | ||
| 082 | 0 | 4 | |a 401 |b BUH |2 21 |
| 100 | |a Buhler, Karl |e author |9 335690 | ||
| 245 | 1 | 0 | |a Teoría del lenguaje |
| 250 | |a 2a. ed | ||
| 300 | |a 497 p | ||
| 942 | |c BK | ||
| 945 | |d 19980613 00:00:00 |a crobeson | ||
| 260 | |a Madrid |b Revista de Occidente |c 1961 | ||
| 650 | 7 | |a TEORIA LINGUISTICA |2 CL-VaPUC |9 334835 | |
| 650 | 0 | |a Lingüística |9 265068 | |
| 650 | 0 | |a Filosofía |9 223554 | |
| 650 | 0 | |a Filología |9 321245 | |
| 650 | 0 | |a Lingüística |9 265068 | |
| 583 | |a last modification |c 19980613 00:00:00 |k Rodrigo Vera | ||
| 490 | 0 | |a Biblioteca Conocimiento del Hombre | |
| 999 | |c 270706 |d 270704 | ||
| 952 | |0 0 |1 0 |4 0 |6 401_000000000000000_BUH_1961 |7 0 |8 A |9 305092 |a BIBEDU |b BIBEDU |d 2019-11-20 |i 1417223 |o 401 BUH 1961 |p 1417223 |r 2019-11-20 |w 2019-11-20 |y BK |k LIT | ||
| 952 | |0 0 |1 0 |4 0 |6 401_000000000000000_BUH_1961 |7 0 |8 A |9 305093 |a FDOPOS |b FDOPOS |d 2019-11-20 |i 4318137 |o 401 BUH 1961 |p 4318137 |r 2025-01-22 |w 2019-11-20 |y BK |k MLA | ||
| 952 | |0 0 |1 0 |4 0 |6 401_000000000000000_BUH_1961 |7 0 |8 A |9 305094 |a FDOPOS |b FDOPOS |d 2019-11-20 |i 4274709 |o 401 BUH 1961 |p 4274709 |r 2025-01-22 |w 2019-11-20 |y BK |k MLA | ||